000 02067nam a22004937a 4500
001 22660259
005 20230503081602.0
008 230503b |||||||| |||| 00| 0 eng d
010 _a 2021304175
020 _a9780128171370
_qpaperback
020 _a0128171375
_qpaperback
020 _z9780128171387
_qelectronic book
035 _a(OCoLC)on1150979267
040 _aYDX
_beng
_erda
_cYDX
_dKMU
042 _alccopycat
043 _an-us---
050 0 0 _aHV 6432
_b.I58 2021
100 1 _aBullock, Jane A.,
_eauthor.
245 1 0 _aIntroduction to homeland security :
_bprinciples of all-hazards risk management /
_cJane A. Bullock, George D. Haddow, Damon P. Coppola.
250 _aSixth edition.
264 1 _aOxford, United Kingdom ;
_aCambridge, MA :
_bButterworth-Heinemann is an imprint of Elsevier,
_c[2021]
300 _axxii, 857 pages :
_billustrations (chiefly color), color maps ;
_c24 cm
336 _atext
_btxt
_2rdacontent
337 _aunmediated
_bn
_2rdamedia
338 _avolume
_bnc
_2rdacarrier
500 _aPrevious edition: 2015.
504 _aIncludes bibliographical references and index.
610 1 7 _aUnited States.
_bDepartment of Homeland Security.
_2fast
_0(OCoLC)fst01802760
650 0 _aTerrorism
_xPrevention
_xGovernment policy
_zUnited States.
650 0 _aNational security
_zUnited States.
650 0 _aCivil defense
_zUnited States.
650 0 _aEmergency management
_zUnited States.
650 6 _aTerrorisme
_xPrévention
_xPolitique gouvernementale
_zÉtats-Unis.
650 7 _aCivil defense.
_2fast
_0(OCoLC)fst00862456
650 7 _aEmergency management.
_2fast
_0(OCoLC)fst00908500
650 7 _aNational security.
_2fast
_0(OCoLC)fst01033711
650 7 _aTerrorism
_xPrevention
_xGovernment policy.
_2fast
_0(OCoLC)fst01148127
651 7 _aUnited States.
_2fast
_0(OCoLC)fst01204155
700 1 _aHaddow, George D.,
_eauthor.
700 1 _aCoppola, Damon P.,
_eauthor.
906 _a7
_bcbc
_ccopycat
_d2
_encip
_f20
_gy-gencatlg
942 _2lcc
_cBK
_n0
999 _c306
_d306